| 000 | 00731nam a2200229Ia 4500 | ||
|---|---|---|---|
| 003 | GCL | ||
| 005 | 20240530095723.0 | ||
| 008 | 140319s9999 xx 000 0 ara d | ||
| 040 |
_aGCL / _cGCL |
||
| 082 | 0 | 4 |
_a350.754 _bم ت |
| 100 | 1 | _aمحمد رشاد الحملاوى | |
| 245 | 1 | 0 |
_aالتخطيط لمواجهة الازمات : _bعشر كوارث هزت مصر / _cمحمد رشاد الحملاوى |
| 250 | _aالثانية | ||
| 260 |
_aالقاهرة : _bمكتبة عين شمس ، _c2000 |
||
| 300 |
_a340 ص ؛ _c24 سم |
||
| 650 | 0 | 4 | _aمصر |
| 650 | 0 | 4 | _aالادارة |
| 650 | 0 | 4 | _aالتخطيط |
| 650 | 0 | 4 | _aالكوارث، ادارة |
| 650 | 0 | 4 | _aالازمات - ادارة |
| 942 |
_2ddc _cBK |
||
| 999 |
_c9913 _d9913 |
||